Topographic map of the Elysium quadrangle of Mars /

Bibliographic Details
Corporate Author: Geological Survey (U.S.)
Format: Government Document Map
Language:English
Published: Reston, Va. : The Survey, 1978.
Series:Miscellaneous investigations series (Geological Survey (U.S.)) ; map I-1135.
Subjects:

MARC

Tag First Indicator Second Indicator Subfields
LEADER 00000cem a2200000Ia 4500
001 in00002467277
005 20151111041930.0
007 ar canzn
008 790725s1978 vau bd a 0 eng d
034 1 |a a  |b 5000000 
035 |a (OCoLC)ocm05207525 
035 |a (OCoLC)5207525 
040 |a GIS  |c GIS  |d OCL  |d DNU  |d COP  |d OCLCQ  |d TXA  |d UtOrBLW 
043 |a zma---- 
049 |a TXAM 
050 4 |a G3701.C5 svar  |b .U52-1135 
052 |a 3182  |b M3 
074 |a 619-G-08 
086 0 |a I 19.91:I-1135 
110 2 |a Geological Survey (U.S.) 
245 1 0 |a Topographic map of the Elysium quadrangle of Mars /  |c Department of the Interior, United States Geological Survey. 
246 3 0 |a Elysium quadrangle of Mars 
255 |a Scale 1:5,000,000 at 0⁰ latitude ;  |b Mercator proj. 
264 1 |a Reston, Va. :  |b The Survey,  |c 1978. 
300 |a 1 remote-sensing map :  |b color ;  |c 37 x 54 cm., on sheet 86 x 71 cm., folded in envelope 30 x 24 cm. 
336 |a cartographic image  |b cri  |2 rdacontent 
337 |a unmediated  |b n  |2 rdamedia 
338 |a sheet  |b nb  |2 rdacarrier 
490 1 |a Miscellaneous geologic investigations ;  |v map I-1135 
490 1 |a Atlas of Mars 1:5,000,000 topographic series ;  |v I-1135 (MC-15) 
500 |a Includes text, location map, tables, and "index to Mariner 9 pictures." 
500 |a "Prepared for the Naional Aeronautics and Space Administration." 
504 |a Includes bibliographical references. 
500 |a Cartographic material. 
651 0 |a Mars (Planet)  |v Remote-sensing maps. 
830 0 |a Miscellaneous investigations series (Geological Survey (U.S.)) ;  |v map I-1135. 
810 2 |a Geological Survey (U.S.).  |t Atlas of Mars.  |p 1:5,000,000 topographic series ;  |v map I-1135 (MC-15) 
994 |a C0  |b TXA 
948 |a cataloged  |b h  |c 2009/07/09  |e rzeske  |f 12:12:29 pm 
999 |a MARS 
999 f f |s 89b1234c-010c-36f5-8154-02f8d9fb38fe  |i 69424c82-b8f7-3f33-8824-e3a7caeef7bc  |t 0 
952 f f |p normal  |a Texas A&M University  |b College Station  |c Sterling C. Evans Library  |d Evans: Maps File (2nd floor)  |t 0  |e I 19.91:I-1135  |h Superintendent of Documents classification  |i unmediated -- sheet  |m A14837625406 
998 f f |a I 19.91:I-1135  |t 0  |l Evans: Maps File (2nd floor)